LDR 00901naa#a2200169#i#450# 001 RU\\bibl\86330 005 20260430022556.4 011 ## _a2312-7937 100 ## _a20240812b2024####ek#y0rusy0150####ca 102 ## _aRU 200 1# _aГОСУДАРСТВЕННОЕ УПРАВЛЕНИЕ ЭКОНОМИКОЙ РОССИИ В ХХ ВЕКЕ: ИСТОРИКО-ПРАВОВЫЕ АСПЕКТЫ _eЖурнальная статья 210 1# _aДомодедово _cВсероссийский институт повышения квалификации сотрудников Министерства внутренних дел Российской Федерации _d2024 215 ## _a8 с. 608 ## _aЖурнальная статья _2local 675 ## _aПраво. Юридические науки. 34 _z 700 #1 _aКобзарь-Фролова _gМаргарита Николаевна 856 4# _avipkmvd.editorum.ru _u